00563nam a2200145Ia 4500008004100000082001700041245006900058260000600127365000600133630006900139730006900208942000900277999001900286952011200305100415s9999 xx 000 0 und d b16999a574.5 aDown to Earth: 018687 Vol. 5(JAN-JUNE), 1997: Vol. 5(4-15), 1996 c0 b0 aDown to Earth: 018687 Vol. 5(JAN-JUNE), 1997: Vol. 5(4-15), 1996 aDown to Earth: 018687 Vol. 5(JAN-JUNE), 1997: Vol. 5(4-15), 1996 cBOOK c599897d599894 00104070aBNHSbBNHSd2000-08-30g0.00l0o574.5 16999pBNHS-16999r2010-04-15 00:00:00w2010-04-15yBOOK